Proceedings of the workshop on the technology development for livestock production
Gorde:
| Formatua: | Liburua |
|---|---|
| Hizkuntza: | Undetermined |
| Argitaratua: |
Can Tho
College of agriculture, Can Tho University
2005
|
| Gaiak: | |
| Etiketak: |
Etiketa erantsi
Etiketarik gabe, Izan zaitez lehena erregistro honi etiketa jartzen!
|
| Thư viện lưu trữ: | Trung tâm Học liệu Trường Đại học Cần Thơ |
|---|
| LEADER | 00519nam a2200169Ia 4500 | ||
|---|---|---|---|
| 001 | CTU_125802 | ||
| 008 | 210402s9999 xx 000 0 und d | ||
| 082 | |a 636 | ||
| 082 | |b P963 | ||
| 245 | 0 | |a Proceedings of the workshop on the technology development for livestock production | |
| 260 | |a Can Tho | ||
| 260 | |b College of agriculture, Can Tho University | ||
| 260 | |c 2005 | ||
| 650 | |a Technology development | ||
| 650 | |x Livestock | ||
| 904 | |i Hiếu | ||
| 980 | |a Trung tâm Học liệu Trường Đại học Cần Thơ | ||